[Event "Zhukovsky op-B"]
[Site "Zhukovsky"]
[Date "2010.01.??"]
[Round "6"]
[White "Kolganov, Aleksandr"]
[Black "Shvetzov, Mikhail"]
[Result "0-1"]
[WhiteElo "1835"]
[BlackElo "1781"]
[PlyCount "86"]
[EventDate "2010.01.??"]
[EventType "swiss"]
[EventRounds "7"]
[EventCountry "RUS"]
[SourceTitle "EXT 2012"]
[Source "ChessBase"]
[SourceDate "2011.11.24"]
[SourceVersion "1"]
[SourceVersionDate "2011.11.24"]
[SourceQuality "1"]

1. Nf3 Nc6 2. e4 e5 3. d4 exd4 4. Bc4 Nf6 5. 0-0 d5 6. exd5 Na5 7. Qxd4 Nxc4 8. Qxc4 Qxd5 9. Re1+ Be6 10. Qxc7 Bd6 11. Qc3 0-0 12. Qd2 Qc5 13. Nc3 Rad8 14. Qg5 Qc7 15. h3 h6 16. Qh4 a6 17. Bxh6 gxh6 18. Qxf6 Kh7 19. Re4 Rg8 20. Rh4 Rg6 21. Ng5+ Kg8 22. Nxe6 Rxf6 23. Nxc7 Bxc7 24. Re1 Rd2 25. Ne4 Re6 26. Nxd2 Rxe1+ 27. Nf1 Re2 28. Rb4 b5 29. c4 Bd6 30. Rb3 bxc4 31. Rc3 Rxb2 32. Rxc4 Rxa2 33. Rc6 Bf8 34. Ne3 Kh7 35. Ng4 a5 36. Rf6 Kg7 37. Rxh6 f5 38. Rh4 fxg4 39. Rxg4+ Kf6 40. Rf4+ Ke7 41. h4 a4 42. g4 a3 43. g5 Rd2 0-1

[Event "Zhukovsky op-B"]
[Site "Zhukovsky"]
[Date "2010.01.??"]
[Round "2"]
[White "Kolganov, Aleksandr"]
[Black "Vatolin, Aleksey"]
[Result "1/2-1/2"]
[WhiteElo "1835"]
[BlackElo "1632"]
[PlyCount "84"]
[EventDate "2010.01.??"]
[EventType "swiss"]
[EventRounds "7"]
[EventCountry "RUS"]
[SourceTitle "EXT 2012"]
[Source "ChessBase"]
[SourceDate "2011.11.24"]
[SourceVersion "1"]
[SourceVersionDate "2011.11.24"]
[SourceQuality "1"]

1. Nf3 Nf6 2. c4 e6 3. g3 d5 4. Bg2 Nc6 5. cxd5 exd5 6. 0-0 Bd6 7. d4 0-0 8. Nc3 Bf5 9. Bg5 Be7 10. Rc1 Ne4 11. Bxe7 Nxe7 12. Nxe4 Bxe4 13. Ne5 Bxg2 14. Kxg2 c6 15. h4 Re8 16. e3 Nf5 17. Qf3 Nd6 18. h5 Re6 19. Qg4 Ne4 20. Rh1 h6 21. Rh4 Qf6 22. f4 Nd6 23. Qf3 Qe7 24. Rh3 Ne4 25. Rc2 Nf6 26. g4 Ne4 27. Kh2 Rf6 28. Rg2 Ng5 29. Qg3 Nxh3 30. Qxh3 Qe6 31. Qg3 Kh7 32. g5 hxg5 33. Qxg5 Rg8 34. Qh4 Rh6 35. Ng4 Re8 36. Nxh6 Qxh6 37. Rg3 g6 38. Qf6 Qg7 39. Qg5 Qh6 40. Qf6 Qg7 41. hxg6+ fxg6 42. Qxg7+ Kxg7 1/2-1/2

[Event "Zhukovsky Elo-B 12"]
[Site "Zhukovsky"]
[Date "2008.12.03"]
[Round "1"]
[White "Ershov, Aleksey"]
[Black "Kolganov, Aleksandr"]
[Result "0-1"]
[WhiteElo "1640"]
[BlackElo "1836"]
[PlyCount "100"]
[EventDate "2008.12.03"]
[EventType "swiss"]
[EventRounds "9"]
[EventCountry "RUS"]
[SourceTitle "EXT 2022"]
[Source "ChessBase"]
[SourceDate "2021.10.06"]
[SourceVersion "1"]
[SourceVersionDate "2021.10.06"]
[SourceQuality "1"]

1. e4 e6 2. Nf3 c5 3. d4 cxd4 4. Nxd4 Nc6 5. Nc3 a6 6. Be2 d6 7. Be3 Nf6 8. 0-0 Be7 9. Qd2 Nxd4 10. Qxd4 0-0 11. f4 Qc7 12. Rf3 e5 13. Qd2 Bg4 14. Rg3 Bxe2 15. Qxe2 g6 16. f5 b5 17. a3 Kg7 18. Rf1 Rg8 19. Kh1 Kf8 20. Bh6+ Ke8 21. Nd5 Nxd5 22. exd5 f6 23. Rc3 Qd7 24. h4 Rc8 25. Bd2 Rxc3 26. Bxc3 Kf7 27. Bd2 Qc8 28. c3 Qc4 29. Qxc4 bxc4 30. Kh2 Rb8 31. Bc1 gxf5 32. Rxf5 Rb5 33. g4 Rxd5 34. g5 Kg6 35. gxf6 Bxf6 36. Rf3 Bxh4 37. Rf8 Rd1 38. Be3 Re1 39. Bb6 Re2+ 40. Kh3 Rxb2 41. Bc7 Be7 42. Ra8 Rb3 43. Rxa6 Rxc3+ 44. Kg2 Rd3 45. a4 Ra3 46. a5 c3 47. Rc6 Kf5 48. Kf1 d5 49. Ke2 Ke4 50. a6 d4 0-1

[Event "Zhukovsky Elo-B 12"]
[Site "Zhukovsky"]
[Date "2008.12.03"]
[Round "4"]
[White "Kolganov, Aleksandr"]
[Black "Vatolin, Aleksey"]
[Result "1-0"]
[WhiteElo "1836"]
[BlackElo "1522"]
[PlyCount "99"]
[EventDate "2008.12.03"]
[EventType "swiss"]
[EventRounds "9"]
[EventCountry "RUS"]
[SourceTitle "EXT 2022"]
[Source "ChessBase"]
[SourceDate "2021.10.06"]
[SourceVersion "1"]
[SourceVersionDate "2021.10.06"]
[SourceQuality "1"]

1. e4 e6 2. d3 c5 3. Nf3 Nc6 4. g3 d5 5. Nbd2 Nf6 6. Bg2 b6 7. 0-0 Ba6 8. e5 Nd7 9. Re1 Qc7 10. Qe2 Nb4 11. Nf1 c4 12. a3 cxd3 13. Qd2 Nxc2 14. Rb1 Nxe1 15. Nxe1 Nxe5 16. Qf4 Bd6 17. Qa4+ Qc6 18. Qxa6 Qc4 19. Qxc4 dxc4 20. Bxa8 Bc5 21. Ne3 Bxe3 22. fxe3 0-0 23. Bg2 Rd8 24. Bd2 Ng4 25. Nf3 e5 26. e4 f6 27. Bh3 Nh6 28. Bxh6 gxh6 29. Be6+ Kg7 30. Bxc4 f5 31. exf5 e4 32. Ne5 d2 33. Rd1 e3 34. Kf1 Rd4 35. b3 Kf6 36. Nc6 Rd7 37. Be6 Rc7 38. Nd4 Rc1 39. Ke2 Ke5 40. Nf3+ Kf6 41. Nh4 Ke5 42. Ng2 Kd4 43. Nxe3 Rxd1 44. Nxd1 Ke5 45. Kxd2 Kf6 46. g4 a6 47. Kd3 Ke7 48. Ke4 Kd6 49. Kd4 b5 50. b4 1-0

[Event "Zhukovsky op-A"]
[Site "Zhukovsky"]
[Date "2008.11.28"]
[Round "2"]
[White "Kolganov, Aleksandr"]
[Black "Sidorov, Evgeniy"]
[Result "1-0"]
[WhiteElo "1837"]
[BlackElo "1977"]
[PlyCount "87"]
[EventDate "2008.11.28"]
[EventType "swiss"]
[EventRounds "9"]
[EventCountry "RUS"]
[SourceTitle "EXT 2022"]
[Source "ChessBase"]
[SourceDate "2021.10.06"]
[SourceVersion "1"]
[SourceVersionDate "2021.10.06"]
[SourceQuality "1"]

1. e4 c5 2. d3 Nc6 3. Nf3 d6 4. g3 Bg4 5. Bg2 Qd7 6. 0-0 g6 7. c3 Bg7 8. Qc2 Rc8 9. Nbd2 b5 10. Re1 e5 11. Nf1 Nge7 12. Ne3 Bh3 13. Bxh3 Qxh3 14. Qb3 Qe6 15. Qxb5 Rb8 16. Qa4 0-0 17. Qd1 f5 18. Qe2 f4 19. Ng2 Qg4 20. gxf4 exf4 21. Kh1 g5 22. Rg1 Ne5 23. Nge1 Qh3 24. Nxg5 Qh6 25. f3 Rf6 26. d4 cxd4 27. cxd4 Rg6 28. Bxf4 Nf7 29. Qd2 Qh5 30. Nxf7 Rxg1+ 31. Kxg1 Qxf7 32. b3 Qf6 33. Rd1 Nc6 34. e5 Qf7 35. Ng2 Rd8 36. exd6 Bxd4+ 37. Kh1 Qh5 38. Qd3 Kf8 39. Qe4 Qc5 40. Qxh7 Qc3 41. Bh6+ Ke8 42. Bd2 Qxf3 43. Re1+ Be5 44. Rxe5+ 1-0

[Event "Zhukovsky op-A"]
[Site "Zhukovsky"]
[Date "2008.11.28"]
[Round "6"]
[White "Kukushkin, Sergey"]
[Black "Kolganov, Aleksandr"]
[Result "1-0"]
[WhiteElo "2099"]
[BlackElo "1837"]
[PlyCount "77"]
[EventDate "2008.11.28"]
[EventType "swiss"]
[EventRounds "9"]
[EventCountry "RUS"]
[SourceTitle "EXT 2022"]
[Source "ChessBase"]
[SourceDate "2021.10.06"]
[SourceVersion "1"]
[SourceVersionDate "2021.10.06"]
[SourceQuality "1"]

1. e4 e6 2. d4 Nf6 3. Nc3 Bb4 4. Bd3 c5 5. Nge2 Nc6 6. dxc5 Bxc5 7. h3 b6 8. Bg5 Bb7 9. Ng3 h6 10. Bf4 g5 11. Bd2 Ne5 12. Qe2 Nxd3+ 13. cxd3 d5 14. exd5 Nxd5 15. Qe5 Qf6 16. Qxf6 Nxf6 17. Nce4 Nd7 18. Bc3 Rg8 19. Nh5 0-0-0 20. f3 f5 21. Nxc5 Nxc5 22. d4 Na4 23. Kf2 Nxc3 24. bxc3 Ba6 25. Rhe1 Bc4 26. Re5 Rg6 27. Ng3 Rd7 28. Nf1 Rc7 29. Ne3 Ba6 30. Rc1 f4 31. Nd1 Bc4 32. a3 Kd7 33. Nb2 Bd5 34. c4 Rg8 35. c5 bxc5 36. dxc5 Rb8 37. Nd3 a5 38. Rc3 Rb3 39. Rxd5+ 1-0

[Event "Zhukovsky Aviagrad op-B"]
[Site "Zhukovsky"]
[Date "2008.08.22"]
[Round "4"]
[White "Kaverin, Lev"]
[Black "Kolganov, Aleksandr"]
[Result "1-0"]
[WhiteElo "1879"]
[BlackElo "1839"]
[PlyCount "45"]
[EventDate "2008.08.22"]
[EventType "swiss"]
[EventRounds "8"]
[EventCountry "RUS"]
[SourceTitle "EXT 2022"]
[Source "ChessBase"]
[SourceDate "2021.10.06"]
[SourceVersion "1"]
[SourceVersionDate "2021.10.06"]
[SourceQuality "1"]

1. Nf3 Nf6 2. d4 d5 3. c4 g6 4. Nc3 Bg7 5. cxd5 Nxd5 6. e4 Nxc3 7. bxc3 0-0 8. Be3 c6 9. Qb3 Qc7 10. a4 Nd7 11. Ng5 Nf6 12. Bc4 e6 13. e5 Nd5 14. 0-0 f6 15. exf6 Bxf6 16. Ne4 Qe7 17. Bh6 Rf7 18. Rfe1 Nb6 19. Nxf6+ Qxf6 20. Bxe6 Bxe6 21. Qxe6 Qxf2+ 22. Kh1 Nd7 23. Rf1 1-0

[Event "Zhukovsky Aviagrad op-B"]
[Site "Zhukovsky"]
[Date "2008.08.22"]
[Round "8"]
[White "Kolganov, Aleksandr"]
[Black "Leschenko, Wjatcheslaw"]
[Result "1-0"]
[WhiteElo "1839"]
[BlackElo "1620"]
[PlyCount "59"]
[EventDate "2008.08.22"]
[EventType "swiss"]
[EventRounds "8"]
[EventCountry "RUS"]
[SourceTitle "EXT 2022"]
[Source "ChessBase"]
[SourceDate "2021.10.06"]
[SourceVersion "1"]
[SourceVersionDate "2021.10.06"]
[SourceQuality "1"]

1. Nf3 Nf6 2. c4 g6 3. d4 c6 4. Nc3 Bg7 5. e4 d6 6. h3 Qa5 7. Qc2 Nbd7 8. Bd3 Nf8 9. 0-0 h6 10. Be3 g5 11. a3 g4 12. b4 Qh5 13. hxg4 Nxg4 14. Bf4 Ne6 15. Bg3 Nxd4 16. Nxd4 Bxd4 17. Be2 Rg8 18. Bxg4 Rxg4 19. Qd3 e5 20. Rad1 Be6 21. Ne2 c5 22. Nxd4 cxd4 23. c5 0-0-0 24. c6 Rdg8 25. Qb5 b6 26. Qa6+ Kd8 27. Qxa7 Rxg3 28. Qxb6+ Kc8 29. Qb7+ Kd8 30. c7+ 1-0

[Event "Zhukovsky Naukograd-C"]
[Site "Zhukovsky"]
[Date "2007.04.01"]
[Round "4"]
[White "Kolganov, Aleksandr"]
[Black "Bogdanov, Ivan"]
[Result "1-0"]
[WhiteElo "1839"]
[BlackElo "1839"]
[PlyCount "121"]
[EventDate "2007.04.01"]
[EventType "tourn"]
[EventRounds "11"]
[EventCountry "RUS"]
[SourceTitle "EXT 2022"]
[Source "ChessBase"]
[SourceDate "2021.10.06"]
[SourceVersion "1"]
[SourceVersionDate "2021.10.06"]
[SourceQuality "1"]

1. Nf3 Nc6 2. e4 e5 3. d4 exd4 4. Bc4 Be7 5. 0-0 d6 6. Nxd4 Nf6 7. Nxc6 bxc6 8. Nc3 0-0 9. Be3 Bb7 10. Bb3 Re8 11. f3 Bf8 12. Bf2 d5 13. exd5 Nxd5 14. Ne4 a6 15. c4 Nb6 16. Qxd8 Raxd8 17. Rad1 Nc8 18. Bh4 Be7 19. Bxe7 Nxe7 20. Nc5 Bc8 21. Rde1 Nf5 22. Rxe8+ Rxe8 23. Ne4 h6 24. Kf2 Kh7 25. Bc2 Kg8 26. g4 Nh4 27. Nc5 Ng6 28. Be4 Ne5 29. b3 a5 30. Kg3 g5 31. h3 Kg7 32. f4 Nxc4 33. bxc4 f6 34. f5 Re5 35. Rd1 Bxf5 36. Bxf5 Rxc5 37. Rd7+ Kf8 38. Bd3 Re5 39. Kf2 Kg8 40. Rxc7 Rc5 41. Re7 Kf8 42. Re2 Kf7 43. Ke1 Re5 44. Rxe5 fxe5 45. c5 e4 46. Bxe4 Ke6 47. Bxc6 Ke5 48. Bg2 Ke6 49. c6 Kd6 50. Kd2 Ke6 51. Ke3 Kd6 52. Kd4 a4 53. a3 Ke7 54. Ke5 h5 55. gxh5 g4 56. hxg4 Kd8 57. Kd6 Kc8 58. h6 Kd8 59. h7 Ke8 60. Bd5 Kf8 61. h8Q# 1-0